| 000 | 00611nam a2200169 a 4500 | ||
|---|---|---|---|
| 001 | 000034169 | ||
| 005 | 20240305133544.0 | ||
| 008 | 110926s2000 dr 000 0 spa d | ||
| 020 | _a8480123052 | ||
| 040 |
_aDO-SdBNP _bspa _cBNPHU |
||
| 100 | 1 |
_aCabezas Esteban, Antonio _959589 |
|
| 245 | 1 | 0 |
_aSabor a caña / _cAntonio Cabezas Esteban, José Luis Sáez, Harry Hoetink. |
| 260 |
_a[Santo Domingo] : _bPatronato de la Ciudad de Santo Domingo _bCentro Cultural de España, _c2000. |
||
| 300 |
_a84 p, 24 lam. : _bil. ; _c22 cm. |
||
| 700 | 1 |
_a Sáez , José Luis _d1937- _9620 |
|
| 700 | 1 |
_aHoetink, H., _d1931- _937205 |
|
| 999 |
_c33660 _d33660 |
||